Ordinary and Partial Differential Equations (Record no. 10714)

MARC details
000 -LEADER
fixed length control field 00407nam a22001697a 4500
003 - CONTROL NUMBER IDENTIFIER
control field OSt
008 - FIXED-LENGTH DATA ELEMENTS--GENERAL INFORMATION
fixed length control field 210710b ||||| |||| 00| 0 eng d
020 ## - INTERNATIONAL STANDARD BOOK NUMBER
International Standard Book Number 9789352836109
082 ## - DEWEY DECIMAL CLASSIFICATION NUMBER
Classification number 512.94 RAO
100 ## - MAIN ENTRY--PERSONAL NAME
Personal name RAISINGHANIA,MD
245 ## - TITLE STATEMENT
Title Ordinary and Partial Differential Equations
250 ## - EDITION STATEMENT
Edition statement 20th
260 ## - PUBLICATION, DISTRIBUTION, ETC. (IMPRINT)
Place of publication, distribution, etc New Delhi
Name of publisher, distributor, etc S.Chand
Date of publication, distribution, etc 2020
300 ## - PHYSICAL DESCRIPTION
Extent MISC
650 ## - SUBJECT ADDED ENTRY--TOPICAL TERM
Topical term or geographic name as entry element Applied Sc
942 ## - ADDED ENTRY ELEMENTS (KOHA)
Source of classification or shelving scheme Dewey Decimal Classification
Koha item type Text Books
Holdings
Withdrawn status Lost status Source of classification or shelving scheme Damaged status Not for loan Collection code Home library Current library Date acquired Source of acquisition Currency Cost, normal purchase price Bill Number Total Checkouts Full call number Acc. no. / Barcode Date last seen Date last borrowed Actual Cost, discounted price Bill Date Koha item type Checked out
    Dewey Decimal Classification     Applied Sc. PIET C-LIBRARY PIET C-LIBRARY 21/06/2021 Kirti Praskshan IN Rupees 699.00 IN2169 8 512.94 RAO 33049 30/05/2025 22/05/2025 503.28 21/06/2021 Text Books  
    Dewey Decimal Classification     Applied Sc. PIET C-LIBRARY PIET C-LIBRARY 21/06/2021 Kirti Praskshan IN Rupees 699.00 IN2169 5 512.94 RAO 33050 31/01/2024 23/01/2024 503.28 21/06/2021 Text Books  
    Dewey Decimal Classification     Applied Sc. PIET C-LIBRARY PIET C-LIBRARY 21/06/2021 Kirti Praskshan IN Rupees 699.00 IN2169 5 512.94 RAO 33051 14/06/2025 26/05/2025 503.28 21/06/2021 Text Books  
    Dewey Decimal Classification     Applied Sc. PIET C-LIBRARY PIET C-LIBRARY 21/06/2021 Kirti Praskshan IN Rupees 699.00 IN2169 4 512.94 RAO 33052 26/05/2025 13/05/2025 503.28 21/06/2021 Text Books  
    Dewey Decimal Classification     Applied Sc. PIET C-LIBRARY PIET C-LIBRARY 21/06/2021 Kirti Praskshan IN Rupees 699.00 IN2169 5 512.94 RAO 33053 18/06/2025 04/06/2025 503.28 21/06/2021 Text Books  
    Dewey Decimal Classification     Applied Sc. PIET C-LIBRARY PIET C-LIBRARY 21/06/2021 Kirti Praskshan IN Rupees 699.00 IN2169   512.94 RAO 33054 10/07/2021   503.28 21/06/2021 Text Books  
    Dewey Decimal Classification     Applied Sc. PIET C-LIBRARY PIET C-LIBRARY 21/06/2021 Kirti Praskshan IN Rupees 699.00 IN2169 6 512.94 RAO 33055 29/05/2026 29/05/2026 503.28 21/06/2021 Text Books 12/06/2026
    Dewey Decimal Classification     Applied Sc. PIET C-LIBRARY PIET C-LIBRARY 21/06/2021 Kirti Praskshan IN Rupees 699.00 IN2169 3 512.94 RAO 33056 16/06/2025 09/06/2025 503.28 21/06/2021 Text Books  

Design & Developed by: PIET Central Library
R70 Miles Stone Pattikalyana Samalkha Panipat 132102
mail ID :- [email protected], Phone No:- 0180-2569700 Ex.216